All Christina Aguilera Songs - Statistics

General Stats
  • This quiz has been taken 24 times
  • The average score is 79 of 204
Answer Stats
Answer % Correct
Back To Basics Ain't No Other Man
89%
Stripped Beautiful
89%
Stripped Can't Hold Us Down (ft Lil Kim)
89%
Stripped Dirrty (ft Redman)
89%
Stripped Fighter
89%
Christina Aguilera Genie In A Bottle
89%
Christina Aguilera What A Girl Wants
89%
Bionic Bionic
84%
Back To Basics: Disc 2 Hurt
84%
Back To Basics Intro (Back To Basics)
84%
Moulin Rouge! Lady Marmalade (Christina Aguilera, Lil Kim, Mya & P!nk)
84%
Bionic Not Myself Tonight
84%
Back To Basics: Disc 2 Candyman
79%
Stripped Stripped Pt 2
79%
Stripped The Voice Within
79%
Christina Aguilera Come On Over Baby (All I Want Is You)
74%
Christina Aguilera I Turn To You
74%
Keeps Gettin' Better: A Decade of Hits Keeps Gettin' Better
74%
Mulan: Original Motion Picture Soundtrack Reflection (2020)
74%
Back To Basics Back In The Day
68%
Back To Basics: Disc 2 Back In The Day (Premium Package Edition Bonus Edition)
68%
Stripped Impossible
68%
Lotus Lotus
68%
Christina Aguilera | Mulan: An Original Walt Disney Records Soundtrack Reflection
68%
Is There Anybody Out There? Say Something (A Great Big World & Christina Aguilera)
68%
Back To Basics Still Dirrty
68%
Bionic You Lost Me
68%
Bionic Elastic Love
63%
Back To Basics F.U.S.S (Interlude)
63%
Stripped Infatuation
63%
Just Be Free Just Be Free
63%
Just Be Free Just Be Free (Spanish Version)
63%
Stripped Keep On Singin' My Song
63%
Liberation Liberation
63%
Back To Basics Makes Me Wanna Pray (ft Steve Winwood)
63%
Stripped Cruz
58%
Liberation Fall In Line (ft Demi Lovato)
58%
Bionic Glam
58%
Back To Basics: Disc 2 I Got Trouble
58%
Liberation Maria
58%
Hands All Over Moves Like Jagger (Maroon 5 ft Christina Aguilera)
58%
Sound Loaded Nobody Wants To Be Lonely (Ricky Martin & Christina Aguilera)
58%
Bionic Sex For Breakfast
58%
Back To Basics Slow Down Baby
58%
Stripped Stripped Intro
58%
Back To Basics Understand
58%
Stripped Walk Away
58%
Back To Basics: Disc 2 Welcome
58%
Bionic Woohoo (ft Nicki Minaj)
58%
Lotus Your Body
58%
Lotus Your Body (Martin Garrix Remix) (Deluxe Edition Bonus Track)
58%
Liberation Accelerate (ft Ty Dolla Sign & 2 Chainz)
53%
Bionic Birds Of Prey (Deluxe Edition Bonus Track)
53%
Shark Tale: Motion Picture Soundtrack Car Wash (ft Missy Elliott)
53%
Stripped Get Mine, Get Yours
53%
Bionic I Am (Stripped) (Deluxe Edition Bonus Track)
53%
Bionic I Hate Boys
53%
Stripped I'm Ok
53%
Lotus Just A Fool (With Blake Shelton)
53%
Stripped Make Over
53%
Mi Reflejo Mi Reflejo
53%
Instant Karma: The Amnesty International Campaign To Save Darfur Mother (ft Bigelf)
53%
Back To Basics: Disc 2 Nasty Naughty Boy
53%
Back To Basics Oh Mother
53%
Burlesque (Soundtrack) Show Me How You Burlesque
53%
Stripped Soar
53%
Christina Aguilera So Emotional
53%
Back To Basics Thank You (Dedication To Fans...)
53%
Stripped Underappreciated
53%
Lotus Blank Page
47%
Christina Aguilera Blessed
47%
Lotus Circles
47%
Bionic Desnudate
47%
Artpop Do What U Want (Lady Gaga ft Christina Aguilera)
47%
Back To Basics: Disc 2 Enter The Circus
47%
Burlesque (Soundtrack) Express
47%
Bionic I Am
47%
Stripped Loving Me 4 Me
47%
Back To Basics: Disc 2 Mercy On Me
47%
Christina Aguilera Obvious
47%
Liberation Pipe (ft XNDA)
47%
Press Play Tell Me (Diddy ft Christina Aguilera)
47%
Back To Basics: Disc 2 The Right Man
47%
Bionic Vanity
47%
Bionic All I Need
42%
Lotus Around The World
42%
Bionic Bobblehead (Deluxe Edition Bonus Track)
42%
Burlesque (Soundtrack) Bound To You
42%
Global Warming Feel This Moment (Pitbull ft Christina Aguilera)
42%
The Addams Family: Original Motion Picture Soundtrack Haunted Heart
42%
Bionic Lift Me Up
42%
Christina Aguilera Love For All Seasons
42%
Back To Basics On Our Way
42%
Bionic Prima Donna
42%
Back To Basics: Disc 2 Save Me From Myself
42%
Burlesque (Soundtrack) The Beautiful People
42%
Lotus Army Of Me
37%
Single Change
37%
My Kind Of Christmas Christmas Time
37%
Christina Aguilera Genio Atrapado (Spanish & Latin American Edition Bonus Track)
37%
My Kind Of Christmas Have Yourself A Merry Little Christmas
37%
Back To Basics Here To Stay
37%
Lotus Let There Be Love
37%
Liberation Like I Do (ft Goldlink)
37%
Mulan: Original Motion Picture Soundtrack Loyal Brave True
37%
Bionic Monday Morning (Deluxe Edition Bonus Track)
37%
Lotus Red Hot Kinda Love
37%
Liberation Sick Of Sittin
37%
Christina Aguilera Somebody's Somebody
37%
My Kind Of Christmas The Christmas Song (Chestnuts Roasting On An Open Fire)
37%
My Kind Of Christmas The Christmas Song (Holiday Remix)
37%
Liberation Twice
37%
Christina Aguilera When You Put Your Hands On Me
37%
Keeps Gettin' Better: A Decade of Hits Dynamite
32%
Bionic Little Dreamer (2020 Deluxe Edition Reissue Bonus Track)
32%
Christina Aguilera Love Will Find A Way
32%
Lotus Make The World Move (ft CeeLo Green)
32%
Liberation Masochist
32%
Stripped Primer Amor Interlude
32%
Liberation Searching For Maria
32%
Burlesque (Soundtrack) Something's Got A Hold On Me
32%
My Kind Of Christmas Angels We Have Heard On High
26%
No Mercy Castle Walls (T.I ft Christina Aguilera)
26%
Stripped Loves Embrace Interlude
26%
Bionic My Girls (ft Peaches)
26%
My Kind Of Christmas Oh Holy Night
26%
Aguilera Pa Mis Muchachas (ft Becky G, Nicki Nicole & Nathy Peluso)
26%
Liberation Right Moves (ft Keida & Shenseea)
26%
Aguilera Santo (With Ozuna)
26%
Lotus Sing For Me
26%
My Kind Of Christmas This Christmas
26%
My Kind Of Christmas This Year
26%
Sweat Tilt Ya Head Back (Nelly ft Christina Aguilera)
26%
Burlesque (Soundtrack) Tough Lover
26%
The Hunger Games: Catching Fire - Original Motion Picture Soundtrack We Remain
26%
Back To Basics Without You
26%
Lotus Best Of Me
21%
Burlesque (Soundtrack) But I Am A Good Girl
21%
Lotus Cease Fire
21%
Liberation Deserve
21%
Lotus Empty Words (Deluxe Edition Bonus Track)
21%
Particles Fall On Me (A Great Big World & Christina Aguilera)
21%
Mi Reflejo Falsas Esperanzas
21%
Stripped I Will Be (Digital 20th Anniversary Edition Bonus Track)
21%
My Kind Of Christmas Merry Christmas Baby (ft Dr John)
21%
Just Be Free Move It
21%
Just Be Free Move It (Dance Mix)
21%
Just Be Free Our Day Will Come
21%
Mi Reflejo Por Siempre Tu
21%
Bionic Stronger Than Ever (Deluxe Edition Bonus Track)
21%
The Get Down: Soundtrack Telepathy (ft Nile Rodgers)
21%
The Voice Performance The Prayer (Chris Mann & Christina Aguilera)
21%
Liberation Unless It's With You
21%
Artists Against AIDS Worldwide What's Going On?
21%
My Kind Of Christmas Xtina's Xmas (Interlude)
21%
Just Be Free Believe Me
16%
Just Be Free Believe Me (Dance Remix)
16%
Just Be Free By Your Side
16%
Aguilera Como Yo
16%
Mi Reflejo Contigo En La Distancia
16%
Burlesque (Soundtrack) Guy What Takes His Time
16%
Aguilera La Reina
16%
Lotus Light Up The Sky (Deluxe Edition Bonus Track)
16%
Mi Reflejo Pero Me Acuerdo de Ti
16%
Just Be Free Running Out Of Time
16%
Nashville Soundtrack Shotgun (Nashville Cast ft Christina Aguilera)
16%
Lotus Shut Up (Deluxe Edition Bonus Track)
16%
Aguilera Sueltame (With Tini)
16%
My Kind Of Christmas These Are The Special Times
16%
Mi Reflejo Ven Conmigo (Solamente Tu)
16%
Aguilera Ya Llegue
16%
Non-Album Single All I Wanna Do (With Keizo Nakaniski)
11%
Possibilties A Song For You (Herbie Hancock ft Christina Aguilera)
11%
Cee Lo's Magic Moment Baby It's Cold Outside (Cee-Lo Green ft Christina Aguilera)
11%
Mi Reflejo Cuando No Es Contigo
11%
Christina Aguilera Don't Make Me Love You (Japanese Edition Bonus Track)
11%
Liberation Dreamers
11%
Confidencias Hoy Tengo Ganas De Ti (Alejandro Fernandez ft Christina Aguilera)
11%
Paw Patrol: The Mighty Movie Learning To Fly
11%
Just Be Free Make Me Happy
11%
Aguilera Somos Nada
11%
Justin & Christina That's What Love Can Do
11%
Just Be Free The Way You Talk To Me
11%
Aguilera Traguito
11%
Mi Reflejo Una Mujer
11%
Christina Aguilera We're A Miracle (Japanese Edition Bonus Track)
11%
Aguilera Brujeria
5%
Song Did Somebody Say HipOpera (With Latto)
5%
The American Red Cross Benefit El Ultimo Adios
5%
Christina For Mercedes Hello
5%
Aguilera La Luz
5%
Aguilera No Es Que Te Extrane
5%
Mi Reflejo Si No Te Hubiera Conocido (With Luis Fonsi)
5%
Amore Somos Novios (It's Impossible) (Andrea Bocelli ft Christina Aguilera)
5%
Nashville Soundtrack The Real Thing (Nashville Cast ft Christina Aguilera)
5%
Aguilera Cuando Me Da La Gana
0%
Aguilera Cuando Me Dé La Gana (With Christian Nodal)
0%
Just Be Free Dream A Dream
0%
Mi Reflejo El Besa Del Final
0%
Mi Reflejo Genio Atrapao
0%
Liberation I Don't Need It Anymore (Interlude)
0%
Aguilera Te Deseo Lo Mejor
0%
The Voice: The Complete Season 10 Collection You've Got A Friend (Alisan Porter & Christina Aguilera)
0%
No matching quizzes found
Score Distribution
Percent of People with Each Score
Percentile by Number Answered
Your Score History
You have not taken this quiz